000
00309nam a22001337a 4500
008
171124b xxu||||| |||| 00| 0 eng d
020
_a
9780470251386
041
_a
eng
080
_2
5 ED
_a
591
100
_a
10
101
_a
NUT
245
_a
FOOD AND BEHAVIOR COST CONTROL
_c
DAVID.K.H
942
_2
udc
_c
BK
999
_c
38477
_d
38477